Degree of monopoly, pricing, and flexible exchange rates (Registro nro. 29323)
[ vista simple ]
| 000 -LEADER | |
|---|---|
| fixed length control field | 00397 a2200121 4500 |
| 001 - CONTROL NUMBER | |
| control field | ART_45404 |
| 005 - DATE AND TIME OF LATEST TRANSACTION | |
| control field | 20260410161939.0 |
| 008 - FIXED-LENGTH DATA ELEMENTS--GENERAL INFORMATION | |
| fixed length control field | 260409a |
| 100 1# - MAIN ENTRY--PERSONAL NAME | |
| Personal name | Arestis, Philip |
| 245 10 - TITLE STATEMENT | |
| Title | Degree of monopoly, pricing, and flexible exchange rates |
| 700 1# - ADDED ENTRY--PERSONAL NAME | |
| Personal name | Milberg, William |
| 773 0# - HOST ITEM ENTRY | |
| Title | Journal of post Keynesian economics |
| Related parts | - Vol. 16, Nº 2 (dic.1993/mar.1994) |
| Record control number | REV26226 |
No hay ítems disponibles.